000 00507nam a22001697a 4500
003 OSt
005 20260428081423.0
008 260428b |||||||| |||| 00| 0 eng d
020 _a978-007-131121-2
040 _aDWC-Main lib
_cOC
082 _2Seventh Edition
_aCirc. 620.106 W583f 2011
100 _aWhite, Frank M.
245 _aFluid Mechanics/
_cFrank M. White
250 _aSeventh Edition
260 _aNew York
_bMcGraw- Hill
_cc2011.
942 _2ddc
_cBK-CIRC
_eSeventh Edition
_kCirc.
_n0
999 _c10032
_d10032